00453nam a2200133 a 450000500170000000800410001705000210005824500340007926000400011344000150015365000220016899900190019095201100020920140414132051.0110712s19uu xx 00 eng d aREF 031bCHI V.1 aChildcraft: Once upon a time. aChicago :bWorld Book, Inc.,c1987. aChildcraft aStories and poems c114165d114165 001040aMUbMUcREFd2011-07-12efr. ELIl0oREF 031 CHI V.1pM5917r2014-04-14 00:00:00w2014-04-14yBK